Top 10 turystycznych państw - Statystyki

Ogólne statystyki
  • Ten quiz został rozwiązany 295 razy
  • Średni wynik to 8 z 10
Statystyki odpowiedzi
Ilość turystów Zarobki ($) Pańtwo % Poprawnych
79 mln 214 mld Stany Zjednoczone
98%
84 mln 80 mld Hiszpania
97%
90 mln 64 mld Francja
95%
66 mln 40 mld Chiny
92%
65 mln 50 mld Włochy
92%
32 mln 46 mld Japonia
87%
40 mln 42 mld Niemcy
82%
39 mln 53 mld Wielka Brytania
82%
9 mln 46 mld Australia
70%
40 mln 61 mld Tajlandia
44%
Nie znaleziono quizów pasujących do podanych kryteriów
Rozkład punktacji
Procent ludzi z każdym wynikiem
Percentyl według liczby udzielonych odpowiedzi
Twoja historia wyników
Nie rozwiązałeś tego quizu